<?xml version="1.0" encoding="UTF-8"?>
<record
    xmlns:xsi="http://www.w3.org/2001/XMLSchema-instance"
    xsi:schemaLocation="http://www.loc.gov/MARC21/slim http://www.loc.gov/standards/marcxml/schema/MARC21slim.xsd"
    xmlns="http://www.loc.gov/MARC21/slim">

  <leader>00680nam a22001937a 4500</leader>
  <controlfield tag="005">20140321105126.0</controlfield>
  <datafield tag="010" ind1=" " ind2=" ">
    <subfield code="a">B-500345</subfield>
  </datafield>
  <datafield tag="020" ind1=" " ind2=" ">
    <subfield code="a">9788189131609</subfield>
    <subfield code="c">2750.00</subfield>
  </datafield>
  <datafield tag="035" ind1=" " ind2=" ">
    <subfield code="a">B-500345</subfield>
  </datafield>
  <datafield tag="037" ind1=" " ind2=" ">
    <subfield code="a">dpl</subfield>
    <subfield code="b">Mallika  Books/Ven</subfield>
  </datafield>
  <datafield tag="082" ind1=" " ind2=" ">
    <subfield code="a">737.0954</subfield>
  </datafield>
  <datafield tag="100" ind1=" " ind2=" ">
    <subfield code="a">Dubey, Sitaram</subfield>
  </datafield>
  <datafield tag="245" ind1=" " ind2=" ">
    <subfield code="a">Methodology of Numismatic study and History-Writing</subfield>
    <subfield code="c">by Sitaram Dubey</subfield>
  </datafield>
  <datafield tag="260" ind1=" " ind2=" ">
    <subfield code="a">New Delhi</subfield>
    <subfield code="b">Research India Press</subfield>
    <subfield code="c">2012</subfield>
  </datafield>
  <datafield tag="270" ind1=" " ind2=" ">
    <subfield code="a">E-6/34, Sangam Vihar</subfield>
    <subfield code="b">New Delhi</subfield>
    <subfield code="e">110062</subfield>
  </datafield>
  <datafield tag="300" ind1=" " ind2=" ">
    <subfield code="a">267p.</subfield>
    <subfield code="b">ill.</subfield>
    <subfield code="c">28cm(Hb)</subfield>
  </datafield>
  <datafield tag="942" ind1=" " ind2=" ">
    <subfield code="2">ddc</subfield>
    <subfield code="c">EN</subfield>
    <subfield code="h">737.0954</subfield>
    <subfield code="m">DUB</subfield>
  </datafield>
  <datafield tag="999" ind1=" " ind2=" ">
    <subfield code="c">83113</subfield>
    <subfield code="d">83113</subfield>
  </datafield>
  <datafield tag="952" ind1=" " ind2=" ">
    <subfield code="0">0</subfield>
    <subfield code="1">0</subfield>
    <subfield code="4">0</subfield>
    <subfield code="7">1</subfield>
    <subfield code="8">REF</subfield>
    <subfield code="a">L</subfield>
    <subfield code="b">L</subfield>
    <subfield code="d">2014-03-21</subfield>
    <subfield code="e">Mallika Books/99/15.03.2013/174/08.03.2013/18.03.2013</subfield>
    <subfield code="g">2750.00</subfield>
    <subfield code="l">0</subfield>
    <subfield code="o">737.0954 DUB</subfield>
    <subfield code="p">B-500345</subfield>
    <subfield code="r">2014-03-21 00:00:00</subfield>
    <subfield code="t">1</subfield>
    <subfield code="v">2750.00</subfield>
    <subfield code="w">2014-03-21</subfield>
    <subfield code="y">EN</subfield>
  </datafield>
</record>
